[Event "Women's Olympiad"]
[Site "Baku"]
[Date "2016.09.05"]
[Round "4.2"]
[White "Fronda, Jan Jodilyn"]
[Black "Yuan, Yuanling"]
[Result "0-1"]
[WhiteElo "2128"]
[BlackElo "2205"]
[Annotator "John Upper"]
[PlyCount "140"]
[EventDate "2016.09.02"]
[EventType "team-swiss"]
[EventRounds "11"]
[EventCountry "AZE"]
[SourceTitle "Chess Canada 2016Olympia"]
[Source "CFC"]
[SourceDate "2016.12.01"]
[WhiteClock "0:02:07"]
[BlackClock "0:09:03"]

1. e4 c5 {White builds slowly to an attack in a b3 Sicilian, Black plays an
exchange sac then outmaneuvers her opponent in a QR v QB ending. Odd fact:
Black's Queen travels all over the board, but never once lands on or crosses
any of the four center squares.} 2. Nf3 d6 3. Bb5+ Bd7 4. Bxd7+ Nxd7 5. b3 Ngf6
6. Qe2 e6 7. Bb2 Be7 8. c4 O-O 9. O-O {[#]} e5 {Black could allow White to
play d4, but with the Bb2 it makes some sense to block the dark squares and
ask White if she can activate her own B.} (9... a6 10. d4 cxd4 11. Nxd4 Re8 12.
Nc3 Rc8 13. Rad1 Qa5 14. Kh1 Qh5 15. Qxh5 Nxh5 16. g3 Nhf6 {(½-½, 56) Anand,
V (2798)-Carlsen,M (2775) Mainz, 2008.}) 10. Nc3 Re8 (10... g6 11. a3 Nh5 12.
g3 Ng7 13. b4 b6 14. Nd5 f5 15. exf5 Nxf5 16. bxc5 (16. d4 $5) 16... bxc5 17.
Bc3 Nf6 18. Nxf6+ Bxf6 19. Qe4 Qd7 20. Rab1 Rab8 21. d3 Ne7 22. Bd2 Qf5 23. Kg2
$11 {(1-0, 43) Kamsky,G (2645)-Alterman,B (2585) Tilburg, 1993.}) 11. Ne1 {
A standard regrouping against c5 and e5: Nf3-e1-c2-e3-d5.} Nf8 12. f4 Ne6 13.
f5 Nd4 14. Qd1 a6 15. d3 b5 16. g4 h6 17. Ng2 bxc4 18. dxc4 Rb8 19. Ne3 Nh7 20.
Ncd5 Bg5 21. Ng2 a5 22. Bc3 Nf6 23. Nxf6+ Bxf6 24. Ne3 Bg5 25. Nd5 Rb7 26. Rb1
Ra7 27. Rb2 Qd7 28. Qe1 Qd8 29. f6 {[#]} Re6 (29... Bxf6 {looks bad, but Black
seems to be OK, as White's K is also exposed; e.g.} 30. Nxf6+ gxf6 31. Qh4 (31.
Bxd4 exd4 $1 32. Qh4 Rxe4 33. Rbf2 Qe7 34. Rxf6 a4 $132) 31... Re6 32. Rbf2 Qa8
$5) 30. Ne7+ (30. fxg7 $142) 30... Kh7 (30... Rexe7 $11) 31. Bxd4 exd4 32. Nc6
Qb6 33. Nxa7 Qxa7 {Diagram [#]} 34. Re2 (34. fxg7 $1 $13 {White might have
been worried about dropping the e-pawn, but the tactics work for her:} Be3+ 35.
Kh1 Rxe4 36. Qb1 Qb7 {and Black would just need to move her King to win, but
it's White's turn:} 37. Rxf7 $8 $18) 34... Bxf6 35. Rf3 Kg8 36. Kg2 Qa8 37. h4
Qd8 38. Kh3 Be5 $15 39. Ref2 Rf6 40. Rxf6 Bxf6 41. Rf5 Be5 42. Qf1 Qd7 43. Qe1
Qa7 44. Rf3 Qa8 45. Qe2 Qa7 46. Rd3 Bf4 47. Qf3 g5 48. hxg5 hxg5 49. Kg2 {
[#] Does Black have any weak pawns?} a4 $1 {Not any more.} 50. Qd1 axb3 51.
Qxb3 {White now has a passed a-pawn, but it won't go anywhere because her
pieces will be too tied up defending against threats from the black Q.} (51.
axb3 Qa2+ 52. Kf1 Qh2 53. Qf3 $15 {is an attempt to cover all the entry points.
}) 51... Qa8 52. Kf3 Kg7 53. Qb2 Qa5 54. Ke2 $2 {[#]Critical Position White
has four isolated pawns, but can attack them only with her Q. What should she
play?} (54. Qe2 $15) 54... Qa4 $8 {Forcing the Q up to b3 to defend c4.} 55.
Qb3 Qa8 $1 56. Kf3 Qh8 $1 {This is the point of 54...Qa4: if White's Q was
still on b2 White could play Qg2 to defend the h-file.} 57. Kg2 Qh2+ $1 (57...
Qh7 {looks good too, but it gives White a chance to muddy the watters:} 58. Rh3
$5 Qxe4+ 59. Kf2 Be3+ 60. Rxe3 dxe3+ 61. Qxe3 {and the computer says Black is
winning, but she definitely has a harder job ahead of her than with the game
line.}) 58. Kf1 Qh1+ {[#] Three corners in four moves and Black is winning.}
59. Kf2 Qh4+ (59... Qxe4 60. Rh3 {transposes to the previous variation.}) 60.
Kf1 Qxg4 61. Qc2 (61. Rh3 $5 d5 $3 62. exd5 (62. cxd5 c4 $19) 62... Be3 63.
Rxe3 dxe3 64. Qxe3 Qxc4+ $19) 61... Qe6 (61... Qh5 $1 {is more active, and the
Black Q goes back to the h-file soon.}) 62. Rf3 Be5 63. a4 g4 64. Rf5 Qh6 $1
65. Rf2 g3 66. Rf3 Qh1+ 67. Ke2 {The next few moves might be recording errors.}
g2 $5 68. Rg3+ Kh6 $5 69. Rxg2 Qxg2+ 70. Kd1 Qf1+ 0-1

[Event "Women's Olympiad"]
[Site "Baku"]
[Date "2016.09.05"]
[Round "4.4"]
[White "Mendoza, Shania Mae"]
[Black "Ouellet, Maili-Jade"]
[Result "1-0"]
[WhiteElo "1965"]
[BlackElo "1992"]
[Annotator "John Upper"]
[PlyCount "95"]
[EventDate "2016.09.02"]
[EventType "team-swiss"]
[EventRounds "11"]
[EventCountry "AZE"]
[SourceTitle "Chess Canada 2016Olympia"]
[Source "CFC"]
[SourceDate "2016.12.01"]
[WhiteClock "0:24:57"]
[BlackClock "0:23:52"]

1. e4 c5 {A horror show for Black, who tries to play a ...d5 "break" in the
Sicilian... but times it to allow White to close the center with e4-e5,
leaving Black with no central or queenside play. White piles up on the
kingside and and blasts through with a piece sac.} 2. Nf3 e6 3. d4 cxd4 4. Nxd4
a6 5. Nc3 b5 {[#]} 6. a3 (6. Bd3 {is by far the most common move.} Qb6 7. Nf3
Nc6 8. O-O Qb8 9. Bg5 Nge7 10. a4 b4 11. Ne2 Ng6 12. Ned4 Nxd4 13. Nxd4 Bd6 $13
{1-0 (53) Ponomariov,R (2706)-Svidler,P (2759) Almaty, 2016.}) 6... Bb7 7. g3
Nf6 8. Bg2 Qc7 9. O-O d6 {[#]} 10. Be3 (10. Re1 Be7 11. a4 b4 12. Na2 O-O 13.
Bg5 (13. Nxb4 $5 d5 14. Bf4 $146 (14. e5 Bxb4 15. exf6 Bxe1 $13 {0-1 (42)
Boidman,Y (2411)-Siebrecht,S (2453) Lausanne, 2008.}) 14... e5 $140 15. Nxd5
Nxd5 $8 16. Bxe5 $1 $36) 13... Nbd7 14. Qd2 a5 $11 {½-½ (43) Topalov,V (2745)
-Short,N (2660) Dortmund, 1997.}) 10... Nbd7 11. Re1 Be7 (11... Nb6 $2 12. e5
$1 dxe5 13. Ndxb5 $1 axb5 14. Nxb5 $16) 12. f4 O-O 13. g4 Nb6 14. g5 Nfd7 15.
Kh1 Nc4 16. Bc1 Rfd8 17. Qg4 Bf8 18. Rf1 Ndb6 19. Qg3 {[#]} d5 $2 {After this
Black will struggle to create meaningful queenside or central play.} 20. e5 $1
Rac8 21. Nce2 Nd7 22. b3 Ncb6 (22... Na5 {heading to c6 to pressure the center
would give the N something to do.}) 23. Bd2 g6 24. Qh4 Nc5 25. Rf3 Ne4 26. Rh3
{Diagram [#]The position resembles a horrible Steinitz French, where White's
Nd4 shuts down play on the c-file and on the a8-diagonal.} h5 {Black was
banking on this to stop the attack, but that was only the first wave.} (26...
h6 $5 {might be a good practical try to surprise White, who wouldn't want to
take on h6, but couldn't sac a piece on h5.}) 27. Ba5 (27. gxh6 $2 Be7 {
makes the White h-pawn an unbreakable defender.}) (27. Bf3 $5 {sacs a piece
for a strong attack, but White has no reason to hurry,} Nxd2 28. Bxh5 gxh5 29.
Qxh5 Bg7 30. Rg1 $13) 27... Rd7 $2 (27... Bg7 $5 {is a normal defensive move 
(guarding h8 and preparing to escape via f8) but it doesn't seem good enough
to stop White, who can build up with Rf1 and Bf3xh5 anyway.}) (27... Bc5 $1 {
indirectly helps defend the h-file.} 28. Bf3 Kg7 29. Bxh5 $140 $2 Rh8 $19) 28.
Bf3 $18 Ba8 29. Kg2 {Gets out of ...Nf2+ before taking on h5.} Rb8 30. Bxh5
gxh5 31. Qxh5 Bg7 {[#]Black's queenside pieces have nothing to do, so even
though White has "only" two pawns for the B, computers show mutiple ways to
win and rate this around +10.} 32. Qh7+ (32. Bb4 $1 Nc5 33. f5 exf5 34. Qh7+
Kf8 35. Nxf5 $18) 32... Kf8 33. Bb4+ Re7 34. g6 Qd7 35. gxf7 Kxf7 36. Qh5+ Kg8
37. Qh7+ (37. Qg6 {also wins.}) 37... Kf7 {[#]} 38. f5 (38. Rg1 $1 {also wins:}
Rh8 39. Qxg7+ $1 Kxg7 40. Kf3+ $18) 38... exf5 39. Bxe7 (39. Nxf5 $1 $18 {
also wins, but White gives the impression that she wants to win while never
giving the Ba8 even a hope at fresh air (via ...d4).}) 39... Rh8 40. Qxh8 {
Again, not the only win:} (40. e6+ Qxe6 41. Nxe6 Rxh7 42. Rxh7 Kxe7 43. N2d4
$18) 40... Bxh8 41. e6+ Qxe6 42. Rh7+ Kg6 43. Nf4+ Kxh7 44. Nfxe6 Nc8 45. Bh4
Ncd6 46. Rg1 Kg6 47. Kf3+ Kf7 48. Nd8+ {White will win the Bh8 too.} 1-0

[Event "Women's Olympiad"]
[Site "Baku"]
[Date "2016.09.06"]
[Round "5.25"]
[White "Ramirez, Maria Eugenia"]
[Black "Zhou, Qiyu"]
[Result "1-0"]
[WhiteElo "2104"]
[BlackElo "2367"]
[Annotator "John Upper"]
[PlyCount "59"]
[EventDate "2016.09.02"]
[EventType "team-swiss"]
[EventRounds "11"]
[EventCountry "AZE"]
[SourceTitle "Chess Canada 2016Olympia"]
[Source "CFC"]
[SourceDate "2016.12.01"]
[WhiteClock "0:40:03"]
[BlackClock "0:02:15"]

1. e4 e5 2. Nf3 Nc6 3. Nc3 Nf6 4. Bb5 Bb4 {Diagram [#]} (4... Nd4 {is the
second most common move, and scores about as well.}) 5. Bxc6 {White can't
expect an advantage with this, but she's much lower-rated and Black's chances
are a long way off with the B-pair.} (5. O-O O-O 6. d3 d6 7. Ne2 (7. Bg5 Bxc3
8. bxc3 Qe7 9. Re1 Nd8 10. d4 Ne6 11. Bc1 c5 12. a4 Rd8 13. Bc4 $14 {1-0 (34)
Shirov,A (2740)-Lesiege,A (2460) North Bay 1994}) 7... Ne7 8. c3 Ba5 9. Ng3 Ng6
10. d4 Bb6 11. Re1 c6 12. Bd3 {1-0 (43) Anand,V (2791)-Mamedyarov,S (2756)
Shamkir 2015}) 5... dxc6 6. d3 (6. Nxe5 Qe7 7. Nd3 Bxc3 8. dxc3 Qxe4+ 9. Qe2
$11 O-O 10. Qxe4 Nxe4 11. Bf4 Nd6 12. O-O-O Bf5 {1/2-1/2 (12) Munoz Pantoja,M 
(2457)-Gonzalez Perez,A (2466) Cornella 2013}) 6... Qe7 7. h3 Bd7 (7... O-O 8.
Bg5 Qe6 9. Nd2 Ne8 10. a3 Bxc3 11. bxc3 Nd6 12. Be3 {1-0 (59) Hasangatin,R 
(2400)-Moizhess,I (2445) Moscow 1996}) 8. Be3 a6 $146 9. a3 Bd6 10. Ne2 c5 11.
Ng3 O-O-O {Diagram [#] Computers like this, but it's very risky, and not very
savvy, since it makes it easy for White to choose a plan.} 12. c3 h6 13. Qc2
Kb8 (13... g5 $142 14. b4 Kb8 (14... g4 15. Nh4 $1 Nxe4 $2 16. Nhf5 $18) 15.
bxc5 Bxc5 16. d4 (16. Bxc5 Qxc5) 16... exd4 17. cxd4 Bb6 18. O-O g4 {is the
opposite-side action Black was probably hoping for.}) (13... g6 $142) 14. b4 g6
{Changing gears?} (14... g5 $1 15. Rb1 (15. Nd2 $5) 15... cxb4 (15... g4 $13)
16. axb4) 15. O-O cxb4 $4 {Strategic suicide. Black opens the a-file and now
White gets a strong attack.} (15... Nh5 $5) 16. axb4 g5 {[#]} 17. b5 $1 $18 a5
$6 ({Had Black missed this:} 17... Bxb5 $2 18. c4 Bc6 19. c5 {trapping the Bd6}
) (17... g4 {is trickier, but White wins if she just piles up against the
black King:} 18. bxa6 b6 (18... gxf3 19. axb7 $18) 19. Nd2 gxh3 20. Nc4 hxg2
21. Rfb1 {and White crashes through first.}) 18. Rxa5 b6 19. Ra8+ $1 {The rest
is a slaughter.} Kb7 (19... Kxa8 20. Qa4+ Kb7 21. Qa6+ Kb8 22. Ra1 $18) 20.
Ra7+ Kb8 21. Rfa1 (21. Qa4 Bxb5 22. Qxb5 Kxa7 23. Ra1+ Kb7 24. Qa6+ Kc6 $18 25.
Qc4+ Kd7 26. Qb5+ Ke6 27. Nd4+ exd4 28. Qf5#) 21... Bxb5 22. c4 Bc6 23. Bxb6 $1
Qe6 24. Be3 Kc8 25. R1a6 $1 Bb7 26. c5 $1 Bxa6 27. Rxa6 (27. c6 {is #10}) 27...
Kd7 28. cxd6 cxd6 29. Nf5 Rc8 30. Qa4+ 1-0

[Event "Women's Olympiad"]
[Site "Baku"]
[Date "2016.09.06"]
[Round "5.26"]
[White "Yuan, Yuanling"]
[Black "Monroy G., Nataly A."]
[Result "1/2-1/2"]
[WhiteElo "2205"]
[BlackElo "2105"]
[Annotator "John Upper"]
[PlyCount "114"]
[EventDate "2016.09.02"]
[EventType "team-swiss"]
[EventRounds "11"]
[EventCountry "AZE"]
[SourceTitle "Chess Canada 2016Olympia"]
[Source "CFC"]
[SourceDate "2016.12.01"]
[WhiteClock "0:03:12"]
[BlackClock "0:12:01"]

1. e4 c5 2. Nf3 Nc6 3. d4 cxd4 4. Nxd4 g6 5. c4 Nf6 6. Nc3 d6 7. Be2 Nxd4 8.
Qxd4 Bg7 9. Be3 O-O 10. Qd2 a5 11. Rd1 Be6 {Diagram [#] There is a ChessBase
DVD by Tiviakov on the Maroczy which covers these structures and middlegames.
It's not a very exciting DVD or system, but as Tiviakov keeps reminding
viewers, it's solid enough to help him draw against 2700 players.} 12. a4 {
This stops ...a4 and ...Qa5 (Tiviakov's favourite strategy); but making the
queenside static while Black has good control over c5 should leave Black
comfortably equal, and a Black Nc5 will constantly attack a4 and b3, and so
restrict White's freedom.} (12. O-O a4 13. f4 Qa5 14. Bd4 Rfe8 15. Qd3 Rad8 (
15... Rec8 16. b3 axb3 17. axb3 Qb4 18. f5 Bd7 19. Bxf6 $1 $16) 16. Kh1 Bd7 17.
Qe3 Rc8 18. h3 Bc6 19. e5 Nd7 20. exd6 (20. e6 $1) 20... exd6 21. Qf2 Nf6 22.
f5 g5 23. h4 g4 (23... Ne4 $1) 24. h5 Ne4 25. Nxe4 Bxd4 26. Rxd4 Rxe4 27. Rxe4
Bxe4 28. Bxg4 $16 {1-0 (42) Giri,A (2677)-Tiviakov,S (2637) Hoogeveen, 2010.})
12... Nd7 13. Nb5 Nc5 {With the Nc5 it is hard to see how White can make any
progress.} 14. Qc2 Qc8 15. Nd4 Bd7 16. b3 Qc7 17. O-O Bc6 18. Bd3 b6 19. f3
Rad8 20. Rd2 (20. Qf2 $5) 20... Rd7 21. Rfd1 Rfd8 22. Bf1 Qb7 23. Ne2 Ne6 24.
Nc3 Re8 25. Nd5 {[#]The double attack on b6 looks like it necessitates ...Bxd5,
but the computer shows that's not so:} Bxd5 (25... Rdd8 $5 26. Nxb6 (26. Bxb6
Rb8 (26... Bxd5 $5 $13)) 26... Rb8 27. Rd3 Nc5 28. Bxc5 dxc5 29. Nd5 e6 30. Ne3
f5 $5 $44 (30... Bd4 $44 {/\...f5.})) 26. cxd5 (26. exd5 Nc5 27. g3 (27. Bd4 $2
Bxd4+ 28. Rxd4 $15) 27... e5 28. dxe6 Nxe6 29. Rxd6 Rxd6 30. Rxd6 Bf8 31. Rd1
Qxf3 32. Bxb6 Ng5 $11 {threatening ...Re2 and ...Nh3.}) 26... Rc7 27. Qb1 (27.
dxe6 {is not so stupid, but} Rxc2 28. exf7+ Kxf7 29. Rxc2 {this doesn't give
White any realistic winning.}) 27... Nc5 28. Bb5 Rec8 29. Rc2 Qa7 30. Rdc1 Be5
31. Rc4 Rb8 32. Qc2 Rbc8 33. f4 Bg7 34. Qd1 Qb8 {Diagram [#]} 35. Bf2 $2 (35.
f5 $142) 35... Ra7 $2 (35... Nxe4 {Doesn't this just win a pawn? Maybe the
game score is wrong, and the actual sequence was 35.Qf3 then 36.Bf2.}) 36. Qf3
Qc7 {[#]} 37. Bd4 {This trades both the good Bs, and leaves White unable to
budge the gatekeeper on c5. That's not necessarily bad, but it might be better
to begin opening lines on the kingside first, as the absent Bg7 makes it
easier for Black to get defenders around her King.} (37. R4c2 $5 {preparing to
switch to the kingside with h2-h4-h5.}) 37... Bxd4+ 38. Rxd4 Qd8 39. Rdc4 Qf8
40. e5 Qg7 41. Re1 Rd8 42. Bc6 e6 $1 43. b4 axb4 44. Rxb4 dxe5 45. Rxe5 exd5
46. Bxd5 Rad7 47. Rxb6 Nxa4 48. Rb1 Qf8 49. Kh1 Rxd5 50. Rxd5 Rxd5 51. Qxd5 Nc3
52. Qd3 Nxb1 53. Qxb1 Qd6 54. Qc1 h5 55. h3 Kg7 56. Qc3+ Qf6 57. Qe3 Qa1+
1/2-1/2

[Event "Women's Olympiad"]
[Site "Baku"]
[Date "2016.09.06"]
[Round "5.27"]
[White "Cordero, Daniela"]
[Black "Botez, Alexandra"]
[Result "1-0"]
[WhiteElo "1954"]
[BlackElo "2092"]
[Annotator "John Upper"]
[PlyCount "123"]
[EventDate "2016.09.02"]
[EventType "team-swiss"]
[EventRounds "11"]
[EventCountry "AZE"]
[SourceTitle "Chess Canada 2016Olympia"]
[Source "CFC"]
[SourceDate "2016.12.01"]
[WhiteClock "0:01:35"]
[BlackClock "0:02:00"]

1. d4 Nf6 2. Nf3 g6 3. c4 Bg7 4. g3 O-O 5. Bg2 d6 6. O-O {[#]} c6 {This is the
Boleslavsky system against the g3-KID. It's less popular than the Yugoslav
system (with ...Nc6 and ...c5) but its fluid pawn center makes it
strategically more complex, and should give the better player decent chances
from either side.} (6... Nc6 7. Nc3 a6 8. d5 Na5 9. Nd2 c5 10. Qc2 Rb8 11. b3
b5 {is the Yugoslav system, with thousands of games.}) 7. Nc3 Nbd7 8. e4 e5 9.
h3 exd4 (9... Re8 10. Be3 a5 11. d5 Qc7 12. Nd2 b6 13. Qc2 Nc5 14. Rfc1 Bd7 15.
dxc6 Bxc6 16. Nb3 Ncd7 17. Nd2 h5 18. Nd5 Qb8 19. b3 Nc5 20. a3 {1/2-1/2 (42)
Melkumyan,H (2622)-Kamsky,G (2691) Baku 2015}) 10. Nxd4 Nc5 11. Re1 Re8 12. Rb1
a5 13. b3 h6 {[#]} 14. Bb2 (14. Kh2 Bd7 15. Bf4 Qc7 16. a3 Nh5 17. Be3 Nf6 18.
Bf4 Nh5 19. Be3 Nf6 20. Qc2 Re7 (20... h5 $5) 21. Rbd1 Rae8 22. Bf4 g5 23. Ndb5
cxb5 24. Bxd6 Qc8 25. Bxe7 Rxe7 26. Nxb5 $14 {1-0 (39) Pigusov,E (2575)
-Akopian,V (2615) Novosibirsk 1993}) 14... Bd7 15. a3 Qb6 16. Ba1 (16. Na4 $5
Nxa4 17. bxa4 Qc7 18. Bc3 {and White has another half-open file for pressure.})
16... Rad8 17. b4 axb4 18. axb4 Ne6 19. Nf3 Bc8 {[#] From a classical point of
view it looks like White is comfortably better, with significantly more space
and options for her Rooks. But Black's position is like the Hedgehog -- no
weaknesses and constantly pressuring White's pawns.} 20. Qc2 Qc7 21. Na4 d5 $6
(21... b5 $5 22. cxb5 (22. e5 dxe5 23. Bxe5 Nd4 $1 24. Bxd4 $1 (24. Nxd4 $2
Rxe5 25. Rxe5 Rxd4 $1 $17 {and White is hanging on a4 and e5.}) 24... Bf5 25.
Qb2 Bxb1 26. Rxb1 (26. Bxf6 Rxe1+ 27. Nxe1 Bxf6 28. Qxf6) 26... Rxd4 27. Nxd4
bxa4 $11) 22... cxb5 23. Qxc7 Nxc7 24. Nc3 {White still has better structure.})
22. Be5 Qe7 23. exd5 cxd5 24. c5 $14 Ne4 25. Bxg7 Kxg7 {[#]} 26. Rbd1 (26. Qb2+
{aiming to simplify and leave Black with weak pawns with no dynamic
compensation} Qf6 27. Qxf6+ Nxf6 28. Nb6 $14) 26... Qf6 27. Nb6 Nc3 28. Rc1 (
28. Rd3 $5 Nd4 29. Rxd4 $1 Rxe1+ 30. Kh2 $16) 28... d4 29. Nc4 $2 {[#]Critical
Position} (29. Qd2 $1) 29... Nb5 {Black misses a strong but very hard to see
combo:} (29... Ng5 $1 30. Nxg5 d3 $1 31. Qd2 Ne2+ 32. Rxe2 (32. Kh2 hxg5 $19 ({
or} 32... Qxf2 $19)) 32... Rxe2 33. Ne4 Rxd2 34. Nxf6 Rc2 $19 {White has two
pieces for the exchange, but is hanging on c1, c4 and f6.}) 30. Nfe5 d3 $5 {
A clearance sac to activate her pieces, making the game even more complicated.}
31. Nxd3 Nbd4 {[#]} 32. Qb2 $6 (32. Qc3 $142 Ng5 33. Rxe8 Rxe8 34. Nd6 $1 {
allowing the fork on e2 in return for one on e8} Ne2+ 35. Kh2 Qxc3 36. Nxe8+
Kf8 37. Rxc3 Nxc3 38. Nd6 $18 {Black loses b7 and White's queenside pawns win.}
) 32... Ng5 $1 $132 33. Nde5 (33. Nd6 $2 Ndf3+ $1 $19 34. Kf1 Qxb2 35. Nxe8+
Rxe8 36. Nxb2 Nd2+ $8 37. Kg1 Ngf3+ 38. Bxf3 Nxf3+ 39. Kf1 $2 {saves the Rook?}
Bxh3#) 33... Nxh3+ (33... Rxe5 34. Rxe5 Bxh3 35. Bxh3 Nxh3+ 36. Kg2 Ng5 $13)
34. Kf1 {[#]} Ng5 $2 (34... b5 $1 35. cxb6 $140 Ba6 $1 $13 36. f4 {Defending
e5 and hoping to trap the Nh3,} (36. Bxh3 Rxe5 $17) 36... Rxe5 $1 37. Rxe5
Bxc4+ 38. Rxc4 Nxf4 $8 $11) 35. Rcd1 (35. f4 $142 $1 $18) 35... Nf5 36. Kg1 Ne6
37. Nf3 (37. Rxd8 Rxd8 38. Nb6 $16 {threatening both Nd5 and Nxc8 then Bxb7.})
37... Qxb2 38. Nxb2 Nc7 39. Nc4 Rxe1+ 40. Rxe1 Na6 41. g4 Nd4 42. Nd6 Ne6 43.
Ne5 {[#]} Nac7 $4 (43... Nxb4 $142 44. Nexf7 Rf8 45. Nxc8 Kxf7 46. Nd6+ Ke7 47.
Nxb7 Nd3 {and Black has good chances to hold.}) 44. Nexf7 $1 $18 Rf8 45. Nxc8
Rxf7 46. Nd6 Rf4 47. b5 $1 {[#] Advancing the pawns with tactical threats
against the black Ns. White is winning.} Kf6 48. b6 Na6 49. Nxb7 Rb4 (49...
Naxc5 50. Nxc5 Nxc5 51. Rc1 $1 $18) 50. Rc1 Nf4 51. Bf1 Nxc5 52. Nxc5 Nd5 53.
b7 Ke7 54. Bg2 Nf4 55. Re1+ Kf7 56. Be4 Nh3+ 57. Kg2 Nf4+ 58. Kg3 g5 59. Na6
Rb3+ 60. Bf3 h5 61. b8=Q h4+ 62. Kh2 1-0

[Event "Women's Olympiad"]
[Site "Baku"]
[Date "2016.09.06"]
[Round "5.28"]
[White "Agbabishvili, Lali"]
[Black "Molina, Jessica"]
[Result "1-0"]
[WhiteElo "2064"]
[BlackElo "1883"]
[Annotator "John Upper"]
[PlyCount "65"]
[EventDate "2016.09.02"]
[EventType "team-swiss"]
[EventRounds "11"]
[EventCountry "AZE"]
[SourceTitle "Chess Canada 2016Olympia"]
[Source "CFC"]
[SourceDate "2016.12.01"]
[WhiteClock "0:20:03"]
[BlackClock "0:00:33"]

1. Nf3 Nf6 2. g3 d5 3. Bg2 c5 4. d4 e6 5. O-O Nc6 6. c3 {[#] A Schlechter Slav/
Grunfeld reversed, which is about as solid an opening as possible. But if you
can get a middle game which you know better than your opponent...} (6. c4 {
would be aiming for a Grunfeld reversed (aka: Catalan)}) 6... cxd4 (6... Be7 7.
Bg5 {White played this game when he needed a draw to advance to the next round
of the World Cup.} cxd4 8. cxd4 Qb6 9. b3 Bd7 10. Nc3 Ne4 11. Na4 Qa5 12. Bxe7
Kxe7 13. a3 b6 14. Qd3 Rac8 15. Rfc1 Nb8 16. Ne5 $2 {Natural, but very bad.
Black exploits White's weak back rank and offside Na4 to take control of the
c-file and the game:} Rxc1+ 17. Rxc1 Rc8 $1 $17 18. Rd1 (18. Rxc8 $2 Qe1+ {
is mating.}) 18... Bxa4 19. Bxe4 (19. bxa4 Qxa4 {Black is just up a pawn for
nothing.}) 19... dxe4 20. Qxe4 Bc6 $19 {(0-1, 71) Azmaiparashvili,Z (2673)
-Bareev,E (2702) Shenyang, 2000.}) 7. cxd4 Bd6 8. Nc3 a6 9. Bg5 O-O 10. Rc1 h6
11. Be3 Bd7 12. Kh1 Ng4 13. Bd2 f5 14. e3 g5 15. Ne1 Nf6 16. Nd3 Be8 $11 17.
Na4 Rf7 18. Nac5 Re7 19. Bc3 Ne4 {[#]} 20. Nxe4 dxe4 (20... fxe4 21. Nc5 b6 22.
Nb3 $11) 21. Nc5 Bxc5 22. dxc5 Rd7 23. Qb3 Bf7 24. Rfd1 g4 $6 (24... e5 $142
25. Rxd7 Qxd7 26. Rd1 Qe7 27. Qb6 (27. Qa3 Rd8 $11) 27... Bxa2 $14) 25. Rxd7
Qxd7 26. Rd1 Qe7 27. Rd6 Rd8 28. Qd1 $16 {[#] White has the only open file,
the Bishop pair, and a mobile queenside majority. Black collapses quickly.}
Rxd6 $6 (28... e5 $16) 29. cxd6 Qd7 30. Bxe4 $1 $18 {Making the best use of
the unopposed Bc3.} h5 (30... fxe4 31. Qxg4+ Kf8 32. Qg7+ Ke8 33. Qh8+ Bg8 34.
Qxg8#) 31. Bg2 Ne7 $2 32. Qd4 {Safetys the queen with tempo gain, winning the
N and the game.} Kf8 33. dxe7+ 1-0